000 01044cac a2200325 i 4500
003 EG-GICUC
005 20260121101341.0
008 921210s1993 enk frb 001 0 eng d
020 _a0720121248 :
_c$70.00
020 _a9780720121247
040 _aDLC
_cDLC
_dDLC
_dEG-GICUC
_beng
_erda
043 _ae-uk---
050 0 0 _aKD4050
_b.R54 1993
082 0 0 _a341.48
_221
092 0 4 _221
099 _aLaw 08 1993
245 0 0 _aRights of citizenship /
_cedited by Robert Blackburn.
264 _aLondon, England ;
_aNew York, NY, USA :
_bMansell,
_c1993.
300 _aix, 338 page ;
_c24 cm.
336 _atext
_btxt
_2rdacontent
337 _aunmediated
_bn
_2rdamedia
338 _avolume
_bnc
_2rdacarrier
440 0 _aCitizenship and the law series
504 _aIncludes bibliographical references (p. 333-334) and index.
650 0 _aCitizenship
_zGreat Britain.
700 1 _aBlackburn, Robert,
_d1952-
_eeditor.
856 4 0 _uhttps://fll.law.cu.edu.eg/fulltext/bks/ENGB08-00029.pdf
905 _a10
942 _2ddc
_cBK
_e21
_n0
999 _c45832
_d45832